Escritores da ESTA 2018 (Record no. 156807)

MARC details
000 -LÍDER
campo de controle de tamanho fixo 00342 a2200145 4500
001 - NÚMERO DE CONTROLE
campo de controle 156807
040 ## - FONTE DA CATALOGAÇÃO
Instituição que transcreveu o registro Escola São Tomás de Aquino
100 ## - ENTRADA PRINCIPAL--NOME PESSOAL
Nome pessoal ESCOLA SANTO TOMÁS DE AQUINO
240 10 - TÍTULO UNIFORME
Título uniforme Escritores da ESTA 2018
Idioma da obra por
245 10 - TÍTULO
Título Escritores da ESTA 2018
300 ## - DESCRIÇÃO FÍSICA
Extensão 136 p.
362 0# - DATAS DE PUBLICAÇÃO E/OU DESIGNAÇÃO SEQUENCIAL
Datas de publicação e/ou designação sequencial 2018
697 ## - ENTRADA DE ASSUNTO LOCAL--ENTIDADE COLETIVA (RLIN)
Nome corporativo ou nome da jurisdição Educação
942 ## - ELEMENTOS DE ENTRADA ADICIONADOS (KOHA)
Tipo de material Koha Livros
Holdings
Situação do descarte Situação das perdas Situação física Não pode ser emprestado Biblioteca de origem Biblioteca atual Data de aquisição Total de empréstimos Número de chamada completo Código de barras Data de último acesso Data do preço efetivo Tipo de material Koha
        ESTA - SÃO BENTO ESTA - SÃO BENTO 30/04/2024   370 ESC ESC EST00011216 30/04/2024 30/04/2024 Livros